|
|
|
|
| LEADER |
00000nam0a2200000 4500 |
| 001 |
243279 |
| 005 |
20231101231945.0 |
| 035 |
|
|
|a (RuTPU)RU\TPU\book\264620
|
| 090 |
|
|
|a 243279
|
| 100 |
|
|
|a 20130924d1923 k y0rusy50 ca
|
| 101 |
1 |
|
|a rus
|c ger
|
| 102 |
|
|
|a DE
|
| 105 |
|
|
|a a z 000zy
|
| 200 |
1 |
|
|a Техническое мышление и творчество
|e введение в современную технику
|e пер. с нем.
|f Г. Ф. Ганфштенгель
|g пер. Б. А. Кревера
|
| 205 |
|
|
|a 3-е изд.
|
| 210 |
|
|
|a Берлин
|c Восток
|d 1923
|
| 215 |
|
|
|a 227 с.
|c ил.
|
| 606 |
1 |
|
|a Техническое мышление
|x Развитие
|2 stltpush
|3 (RuTPU)RU\TPU\subj\60133
|9 77622
|
| 606 |
1 |
|
|a Техническое творчество
|2 stltpush
|3 (RuTPU)RU\TPU\subj\60138
|9 77627
|
| 610 |
1 |
|
|a техника
|
| 610 |
1 |
|
|a расчет
|
| 610 |
1 |
|
|a трение
|
| 610 |
1 |
|
|a движущие силы
|
| 610 |
1 |
|
|a энергия
|
| 610 |
1 |
|
|a материалы
|
| 610 |
1 |
|
|a использование
|
| 610 |
1 |
|
|a растяжение
|
| 610 |
1 |
|
|a конструкции
|
| 675 |
|
|
|a 62:001.894
|v 3
|
| 700 |
|
1 |
|a Ганфштенгель
|b Г. Ф.
|g Георг Ф.
|
| 702 |
|
1 |
|a Кревер
|b Б. А.
|4 730
|
| 801 |
|
1 |
|a RU
|b 63413507
|c 20130924
|
| 801 |
|
2 |
|a RU
|b 63413507
|c 20220804
|g RCR
|
| 942 |
|
|
|c BK
|